| 000 | 00464nam a2200145 a 4500 | ||
|---|---|---|---|
| 001 | 000043466 | ||
| 005 | 20201002040935.0 | ||
| 008 | 140319s2013 dr 000 0 spa d | ||
| 040 |
_aDO-SdBNP _bspa _cBNPHU |
||
| 100 | 1 |
_aMoreno, Guillermo _931108 |
|
| 245 | 1 | 4 |
_aUna Reflexión y Compromiso ante la Nación Dominicana. / _cGuillermo Moreno. |
| 260 |
_aSanto Domingo, : _bAlianza país, _c2013. |
||
| 300 |
_a8 p. ; _c22 cm. |
||
| 500 | _aIncluye notas a pie de página | ||
| 999 |
_c42955 _d42955 |
||